La Guerra del Paraguay. Por Joaquín Nabuco. Versión castellana de Gonzalo Reparaz, de las Sociedades de Geografía de París y de Madrid
Guardat en:
| Autor principal: | |
|---|---|
| Altres autors: | |
| Format: | Llibre |
| Idioma: | espanyol |
| Publicat: |
París
Garnier Hermanos
1901
|
| Edició: | 1a. ed |
| Matèries: | |
| Etiquetes: |
Afegir etiqueta
Sense etiquetes, Sigues el primer a etiquetar aquest registre!
|
MARC
| LEADER | 00000nam a2200000 a 4500 | ||
|---|---|---|---|
| 001 | UCJ6346 | ||
| 003 | CL-VaPUC | ||
| 005 | 20231222132515.0 | ||
| 008 | 070124e19010000FR |||||||||||||||||spa|d | ||
| 999 | |c 322454 |d 322452 | ||
| 040 | |c Pontificia Universidad Católica de Valparaíso | ||
| 082 | 0 | 4 | |a 989 |b NAB |2 21 |
| 100 | |a Nabuco, Joaquim |e autor |9 448067 | ||
| 245 | 1 | 3 | |a La Guerra del Paraguay. Por Joaquín Nabuco. Versión castellana de Gonzalo Reparaz, de las Sociedades de Geografía de París y de Madrid |
| 250 | |a 1a. ed | ||
| 260 | |a París |b Garnier Hermanos |c 1901 | ||
| 300 | |a 397 p | ||
| 583 | |a last modification |c 20070124 00:00:00 |k Rodrigo Vera | ||
| 600 | 0 | |a Mitre, Bartolomé, |d 1821-1906 |9 886828 | |
| 650 | 0 | |a Diplomacia |9 256483 | |
| 650 | 7 | |a GUERRA CON ESPAÑA |2 CL-VaPUC |9 504456 | |
| 650 | 7 | |a DOCUMENTOS |2 CL-VaPUC |9 366450 | |
| 651 | 0 | |a Argentina |9 254888 | |
| 651 | 0 | |a Brasil |9 267393 | |
| 651 | 0 | |a Uruguay |9 255194 | |
| 651 | 0 | |a Paraguay |9 255336 | |
| 700 | |a Reparaz, Gonzalo |e versión castellana |9 871848 | ||
| 942 | |c BK |2 ddc | ||
| 945 | |d 20070124 00:00:00 |a rinostro | ||
| 952 | |0 0 |1 0 |4 0 |6 989_000000000000000_NAB_1901 |7 0 |8 X |9 401450 |a FDOBUD |b FDOBUD |d 2019-11-22 |i 1047000 |o 989 NAB 1901 |p 1047000 |r 2019-11-22 |w 2019-11-22 |y BK_X |k BUD | ||